| 000 | 00941nac a22002411u 4500 | ||
|---|---|---|---|
| 010 | _a78009041 | ||
| 020 | _a0820304565 | ||
| 082 | 0 | 0 |
_a266.20924 _bO261 |
| 090 |
_c1671 _d1671 |
||
| 100 | _aO'Donnell, Joseph Dean | ||
| 245 | 1 | 0 |
_aLavigerie in Tunisia : _bthe interplay of imperialist and missionary / _cJ. Dean O'Donnell, Jr. |
| 260 |
_aAthens : _bUniversity of Georgia Press, _cc1979. |
||
| 300 |
_axvii, 300 p., [1] leaf of plates : _bill. ; _c24 cm. |
||
| 500 | _aIncludes index. | ||
| 500 | _aDonations | ||
| 500 | _aDonations - Dr. Mostafa Gouda | ||
| 504 | _aBibliography: p. [267]-285. | ||
| 600 | 1 | 0 |
_aLavigerie, Charles Martial Allemand, _d1825-1892. |
| 650 | 0 |
_aChurch and state _zTunisia _xHistory. |
|
| 651 | 0 |
_aTunisia _xPolitics and government. |
|
| 942 |
_cBB _k266.20924O261 |
||
| 999 |
_c1671 _d1671 |
||